000 00469nam a2200157Ia 4500
999 _c19361
_d19361
003 OSt
005 20200616143927.0
008 190216s9999||||xx |||||||||||||| ||und||
040 _coclc
082 _a309.15403
_bDAT/S
100 _aDatta, Kali Kinkar
_92994
245 0 _aA Social History Of Modern India /
_cKali Kinkar Datta
260 _bMacmillan,
_c1975.
_aDelhi:
300 _a411p
942 _cBK
_2ddc
_h309.15403
_iDAT/S
_k309.15403
_mDAT/S